| 000 | 00732nam a2200169 i 4500 | ||
|---|---|---|---|
| 001 | 146832 | ||
| 003 | ES-MaACL | ||
| 005 | 20230906201703.0 | ||
| 007 | t| | ||
| 008 | 070918q1952 dr |||| | spa d | ||
| 100 | 1 |
_aTrujillo Molina, Rafael Leónidas. _9111579 |
|
| 245 | 1 | 0 |
_aDiscurso pronunciado por el generalísimo Dr. Rafael Leónidas Trujillo Molina ante el Congreso Nacional... el día 27 de febrero de 1952 _b: [tema: rendición de cuentas de su gestión gubernativa] / _cRafael Leónidas Trujillo Molina. |
| 260 |
_aCiudad Trujillo (República Dominicana) : _b[s.n., _c1952] |
||
| 300 |
_a20 p. ; _c24 cm. |
||
| 651 | 4 |
_aRepública Dominicana- _xPolítica y gobierno- _y1930-1961. _9169290 |
|
| 852 |
_aES-MaACL _j1936-F-13 |
||
| 999 |
_c146832 _d146832 |
||